[Event "1.Open A Città di Padova"]
[Site "Padova"]
[Date "1998.12.13"]
[Round "3.24"]
[White "Muradore, Aldo"]
[Black "Tomio, Dante"]
[Result "0-1"]
[WhiteElo "1455"]
[BlackElo "1587"]
[Annotator "Gabriele Ballarin"]
[PlyCount "82"]
[EventDate "1998.12.13"]
[EventType "swiss"]
[EventRounds "6"]
[EventCountry "ITA"]

1. d4 Nf6 2. c4 g6 3. Nc3 Bg7 4. Nf3 d6 5. Bg5 O-O 6. e3 c6 7. Rc1 Na6 8. Bd3 Nc7 9. O-O a6 10. Qd2 Rb8 11. e4 b5 12. b3 Ne6 13. Bh6 Qb6 14. Bxg7 Kxg7 15. d5 cxd5 16. Nxd5 Nxd5 17. cxd5 Nc5 18. Rc3 b4 19. Rc2 a5 20. Rfc1 f5 21. e5 Bb7 22. Bc4 Ne4 23. Qf4 h6 24. e6 g5 25. Qe3 Qxe3 26. fxe3 Nc3 27. Rd2 Rbc8 28. Rf1 Rc5 29. Nd4 f4 30. exf4 Nxd5 31. Bxd5 Bxd5 32. f5 Kf6 33. g4 Rfc8 34. Ne2 Bb7 35. Ng3 Rc1 36. Nh5+ Ke5 37. Re2+ Be4 38. Rxc1 Rxc1+ 39. Kf2 Rc8 40. f6 Re8 41. f7 Rf8 0-1

[Event "1.Open A Città di Padova"]
[Site "Padova"]
[Date "1998.12.13"]
[Round "3.25"]
[White "Serradura, Gianluca"]
[Black "Fontana, Alessandro"]
[Result "0-1"]
[WhiteElo "1419"]
[BlackElo "1500"]
[Annotator "Gabriele Ballarin"]
[PlyCount "64"]
[EventDate "1998.12.13"]
[EventType "swiss"]
[EventRounds "6"]
[EventCountry "ITA"]

1. e4 e5 2. Nf3 Nc6 3. d4 exd4 4. Bc4 Nf6 5. Ng5 d5 6. exd5 Nxd5 7. O-O Be7 8. Nxf7 Kxf7 9. Qh5+ g6 10. Qxd5+ Qxd5 11. Bxd5+ Kg7 12. Bf4 Bf5 13. Bxc7 Bxc2 14. Na3 Bxa3 15. bxa3 Rac8 16. Bf4 Rhd8 17. Be6 Ra8 18. Rac1 d3 19. Bg4 Nd4 20. h3 Ne2+ 21. Bxe2 dxe2 22. Rfe1 Rd1 23. Rxc2 Rxe1+ 24. Kh2 Rh1+ 25. Kxh1 e1=Q+ 26. Kh2 Rf8 27. Be3 Qb1 28. Rc7+ Kg8 29. Bh6 Qb2 30. Rg7+ Qxg7 31. Bxg7 Kxg7 32. Kg3 Rf5 0-1

[Event "1.Open A Città di Padova"]
[Site "Padova"]
[Date "1998.12.13"]
[Round "3.26"]
[White "Palmieri, Vincenzo"]
[Black "Tresin, Ardilio"]
[Result "0-1"]
[WhiteElo "1600"]
[BlackElo "1449"]
[Annotator "Gabriele Ballarin"]
[PlyCount "104"]
[EventDate "1998.12.13"]
[EventType "swiss"]
[EventRounds "6"]
[EventCountry "ITA"]

1. e4 g6 2. d4 d6 3. Nf3 Nf6 4. Nc3 Bg7 5. Be3 O-O 6. Qd2 Ng4 7. Bd3 Nxe3 8. Qxe3 c6 9. O-O-O Qa5 10. Qg5 Qxg5+ 11. Nxg5 Bxd4 12. Bc4 Bxc3 13. Bxf7+ Rxf7 14. Nxf7 Kxf7 15. bxc3 Be6 16. a3 Nd7 17. f4 b5 18. h3 a5 19. Rd4 c5 20. Rd3 b4 21. cxb4 axb4 22. Kb2 c4 23. Rf3 c3+ 24. Kc1 Rxa3 25. Kd1 Ra1+ 26. Ke2 Rxh1 27. f5 Bc4+ 28. Ke3 g5 29. Kd4 Bb5 30. Kd5 Rd1+ 31. Rd3 Rxd3+ 32. cxd3 Bxd3 33. Kd4 Bf1 34. g4 c2 35. e5 dxe5+ 36. Kd5 c1=Q 37. h4 gxh4 38. g5 Qc5+ 39. Ke4 Bg2+ 40. Kd3 Qd4+ 41. Ke2 Qe4+ 42. Kd2 Bf1 43. g6+ hxg6 44. fxg6+ Kg7 45. Kc1 Qc4+ 46. Kb2 Qc3+ 47. Ka2 Bc4+ 48. Kb1 Bd3+ 49. Ka2 b3+ 50. Ka3 b2+ 51. Ka4 Bc2+ 52. Kb5 b1=Q+ 0-1

[Event "1.Open A Città di Padova"]
[Site "Padova"]
[Date "1998.12.13"]
[Round "3.27"]
[White "Borgato, Alessandro"]
[Black "Frugoni, Giulio"]
[Result "1-0"]
[WhiteElo "1500"]
[BlackElo "1522"]
[Annotator "Gabriele Ballarin"]
[PlyCount "95"]
[EventDate "1998.12.13"]
[EventType "swiss"]
[EventRounds "6"]
[EventCountry "ITA"]

1. e4 c5 2. f4 d6 3. Nf3 Bg4 4. Bc4 e6 5. O-O Nf6 6. Bb5+ Nc6 7. Bxc6+ bxc6 8. Nc3 Be7 9. h3 Bxf3 10. Qxf3 O-O 11. g4 h6 12. d3 Qb6 13. Kh1 Rab8 14. g5 hxg5 15. fxg5 Nh7 16. h4 c4 17. Be3 c5 18. b4 cxd3 19. bxc5 dxc5 20. Rab1 Qd8 21. Rxb8 Qxb8 22. cxd3 Qb4 23. Bd2 Qb2 24. Rf2 Qa3 25. e5 c4 26. Ne4 Qxd3 27. Qxd3 cxd3 28. Rf3 Rd8 29. Nf2 Rd4 30. Rh3 Ra4 31. Nxd3 Rxa2 32. Bb4 Bxb4 33. Nxb4 Ra1+ 34. Kg2 a5 35. Nc6 a4 36. Rd3 g6 37. Rd8+ Kg7 38. Ra8 a3 39. Ra7 Rc1 40. Nd8 Rc2+ 41. Kf3 Rc3+ 42. Ke2 Nf8 43. Nxf7 Rh3 44. Nh6+ Kh8 45. Rf7 Nh7 46. Ra7 a2 47. Ra8+ Kg7 48. Rg8# 1-0

[Event "1.Open A Città di Padova"]
[Site "Padova"]
[Date "1998.12.13"]
[Round "3.28"]
[White "Pilotto, Alessandro"]
[Black "Quaranta, Gaetano"]
[Result "1/2-1/2"]
[WhiteElo "1467"]
[BlackElo "1558"]
[Annotator "Gabriele Ballarin"]
[PlyCount "101"]
[EventDate "1998.12.13"]
[EventType "swiss"]
[EventRounds "6"]
[EventCountry "ITA"]

1. d4 Nf6 2. h3 Nc6 3. c3 d5 4. Bf4 g6 5. e3 Bg7 6. Bd3 O-O 7. Nf3 Re8 8. O-O Nh5 9. Bh2 e5 10. dxe5 Nxe5 11. Nxe5 Bxe5 12. Bxe5 Rxe5 13. Nd2 Nf6 14. Nf3 Re8 15. Qc2 c6 16. Rfe1 Ne4 17. Nd2 Ng5 18. Kf1 Qd6 19. Ke2 c5 20. b3 Qe6 21. Nf3 Nxf3 22. Kxf3 b6 23. Bb5 Re7 24. Ke2 Bb7 25. Rad1 Rc8 26. Kf1 a6 27. Be2 Qf6 28. Bf3 Rd8 29. e4 d4 30. e5 Qf4 31. Bxb7 Rxb7 32. Kg1 Rbd7 33. Re4 Qf5 34. cxd4 cxd4 35. Rde1 d3 36. Qd2 Rc8 37. e6 fxe6 38. Rxe6 Rc2 39. Re8+ Kf7 40. Qe3 Qxf2+ 41. Qxf2+ Rxf2 42. Kxf2 d2 43. Rd1 Kxe8 44. Ke2 Re7+ 45. Kxd2 Rd7+ 46. Kc2 Rxd1 47. Kxd1 Ke7 48. Kd2 Ke6 49. Ke3 Kd5 50. g3 h6 51. a3 1/2-1/2

[Event "1.Open A Città di Padova"]
[Site "Padova"]
[Date "1998.12.13"]
[Round "3.29"]
[White "Alessi, Giovanni"]
[Black "Salata, Alessio"]
[Result "1/2-1/2"]
[WhiteElo "1400"]
[BlackElo "1552"]
[Annotator "Gabriele Ballarin"]
[PlyCount "102"]
[EventDate "1998.12.13"]
[EventType "swiss"]
[EventRounds "6"]
[EventCountry "ITA"]

1. e4 Nf6 2. Nc3 e5 3. Bc4 Bc5 4. Nf3 d6 5. d3 a6 6. Bg5 O-O 7. Nd5 Nbd7 8. O-O b5 9. Bb3 Bb7 10. c3 c6 11. Nxf6+ gxf6 12. Bh6 Re8 13. Nh4 Nf8 14. Bxf8 Rxf8 15. Qg4+ Kh8 16. Nf5 Rg8 17. Qh4 d5 18. Nh6 Rg7 19. c4 Be7 20. Nf5 Rg6 21. cxd5 cxd5 22. exd5 Bxd5 23. Bxd5 Qxd5 24. f3 Bc5+ 25. Kh1 Rg5 26. Qe4 Qd8 27. Rac1 Rc8 28. Nh6 Qf8 29. Nf5 Rd8 30. Rc2 Be7 31. Rc7 Bd6 32. Rc6 Be7 33. g4 Qe8 34. Rfc1 Qd7 35. Rc7 Qe6 36. b3 Rxf5 37. gxf5 Qd6 38. Rc8 Rxc8 39. Rxc8+ Bd8 40. Kg2 Kg7 41. Rc3 Qa3 42. Qg4+ Kf8 43. Rc8 Qxa2+ 44. Kh3 Qa5 45. Qe4 Kg7 46. Qd5 Qe1 47. Qxd8 Qf1+ 48. Kg3 Qg1+ 49. Kh3 Qf1+ 50. Kg3 Qg1+ 51. Kh3 Qf1+ 1/2-1/2

[Event "1.Open A Città di Padova"]
[Site "Padova"]
[Date "1998.12.19"]
[Round "4.1"]
[White "Viola, Matteo"]
[Black "Guclu, Yaman"]
[Result "0-1"]
[WhiteElo "1877"]
[BlackElo "1600"]
[Annotator "Gabriele Ballarin"]
[PlyCount "74"]
[EventDate "1998.12.13"]
[EventType "swiss"]
[EventRounds "6"]
[EventCountry "ITA"]

1. e4 c5 2. b4 b6 3. bxc5 bxc5 4. Bc4 Nc6 5. Nc3 g6 6. Nge2 Bg7 7. Rb1 e6 8. O-O Nge7 9. f4 O-O 10. f5 gxf5 11. Ng3 fxe4 12. Qh5 d5 13. Be2 f5 14. Ba3 Bd4+ 15. Kh1 Qe8 16. Qh3 f4 17. Bh5 Ng6 18. Ngxe4 dxe4 19. Nxe4 e5 20. Qf3 Bf5 21. c3 Rd8 22. Rbe1 Qe6 23. cxd4 Nxd4 24. Qc3 Qxa2 25. Bxc5 Bxe4 26. Bxf8 Qd5 27. Rxe4 Qxe4 28. Bh6 Qd5 29. Ra1 Rd7 30. Ra6 Qb7 31. Qc4+ Kh8 32. Bxg6 hxg6 33. h3 f3 34. Rxg6 Qb1+ 35. Kh2 Qxg6 36. Qc8+ Qg8 37. Bg7+ Rxg7 0-1

[Event "1.Open A Città di Padova"]
[Site "Padova"]
[Date "1998.12.19"]
[Round "4.2"]
[White "Zotti, Enrico"]
[Black "Muha, Zdravko"]
[Result "1/2-1/2"]
[WhiteElo "1725"]
[BlackElo "1866"]
[Annotator "Gabriele Ballarin"]
[PlyCount "141"]
[EventDate "1998.12.13"]
[EventType "swiss"]
[EventRounds "6"]
[EventCountry "ITA"]

1. e4 c6 2. d4 d5 3. Nc3 dxe4 4. Nxe4 Bf5 5. Ng3 Bg6 6. Nf3 Nd7 7. Be2 e6 8. O-O Bd6 9. c4 Ngf6 10. Nh4 Qc7 11. Bf3 O-O 12. Nxg6 hxg6 13. Be3 Rfd8 14. Qc2 e5 15. c5 Bf8 16. Rfe1 Re8 17. Rad1 exd4 18. Bxd4 Rxe1+ 19. Rxe1 Qa5 20. Rc1 Qxa2 21. Be2 Qa5 22. Bc4 Nd5 23. Ne4 Re8 24. Nd6 Re1+ 25. Rxe1 Qxe1+ 26. Bf1 Bxd6 27. cxd6 Qb4 28. Bxa7 Qxd6 29. g3 Qb4 30. Bc4 N7f6 31. Bd4 Qe1+ 32. Kg2 Qe4+ 33. Qxe4 Nxe4 34. f4 Nd6 35. Bxd5 cxd5 36. Kf3 f6 37. Ke3 Kf7 38. Kd3 Ke6 39. b3 Ne4 40. Bb6 g5 41. fxg5 Nxg5 42. Ke3 Ne4 43. g4 Nd6 44. Bd4 g5 45. Kd3 Nb5 46. Bb2 f5 47. gxf5+ Kxf5 48. Bg7 g4 49. b4 Kf4 50. Bf6 Kf5 51. Bg7 Nc7 52. Bf8 Ne6 53. Bd6 b5 54. Ke3 Kf6 55. Kd3 Kg5 56. Ke3 Kh4 57. Kd3 Kh3 58. Ke3 Kg2 59. Be5 Kf1 60. Kd3 Kf2 61. Kd2 Kf3 62. Kd3 Kf2 63. Kd2 Ng5 64. Kd3 Nf3 65. Bd6 Kg2 66. Ke3 d4+ 67. Kd3 Kf2 68. Bg3+ Kf1 69. Bd6 Ke1 70. Bc7 Kd1 71. Bf4 1/2-1/2

[Event "1.Open A Città di Padova"]
[Site "Padova"]
[Date "1998.12.19"]
[Round "4.3"]
[White "Marinucci, Tonino"]
[Black "Zanirato, Stefano"]
[Result "1/2-1/2"]
[WhiteElo "1597"]
[BlackElo "1740"]
[Annotator "Gabriele Ballarin"]
[PlyCount "82"]
[EventDate "1998.12.13"]
[EventType "swiss"]
[EventRounds "6"]
[EventCountry "ITA"]

{[%evp 0,44,23,23,24,13,13,13,39,35,47,34,27,25,32,31,31,29,26,31,30,22,29,21,31,16,26,-3,24,5,-8,-14,34,33,41,35,22,22,37,30,28,21,20,15,11,4,15]} 1. d4 Nf6 2. c4 e6 3. Nf3 Bb4+ 4. Bd2 Bxd2+ 5. Qxd2 O-O 6. Nc3 d5 7. e3 b6 8. Be2 Nbd7 9. cxd5 exd5 10. O-O Bb7 11. Rae1 a6 12. b4 Qe7 13. a3 Rae8 14. Na4 Ne4 15. Qb2 b5 16. Nc5 Ndxc5 17. dxc5 c6 18. Nd4 Qf6 19. Bf3 Ng5 20. Qc2 g6 21. Rd1 Re7 22. Kh1 Bc8 23. Be2 Rfe8 24. Kg1 Re4 25. Qc3 Qg7 26. f4 Ne6 27. Bf3 Nxd4 28. Rxd4 Rxd4 29. Qxd4 Re7 30. Qxg7+ Kxg7 31. Kf2 Bf5 32. Rd1 Bc2 33. Rd2 Bb3 34. Bd1 Bxd1 35. Rxd1 Re4 36. Rd4 Kf6 37. Kf3 Rxd4 38. exd4 h5 39. h3 g5 40. g4 h4 41. Ke3 Ke6 1/2-1/2

[Event "1.Open A Città di Padova"]
[Site "Padova"]
[Date "1998.12.19"]
[Round "4.4"]
[White "Navarro, Emanuele"]
[Black "Pagin, Giacomo"]
[Result "1/2-1/2"]
[WhiteElo "1786"]
[BlackElo "1699"]
[Annotator "Gabriele Ballarin"]
[PlyCount "68"]
[EventDate "1998.12.13"]
[EventType "swiss"]
[EventRounds "6"]
[EventCountry "ITA"]

1. d4 d5 2. Nf3 Nf6 3. c3 e6 4. Bg5 h6 5. Bf4 c5 6. e3 Qb6 7. Qc1 Nc6 8. Nbd2 Bd7 9. Bd3 Rc8 10. O-O Be7 11. Qb1 cxd4 12. exd4 a6 13. a4 Nh5 14. Be3 Qc7 15. Rc1 Nf4 16. Bf1 Bd6 17. b4 Ne7 18. c4 dxc4 19. Nxc4 Ned5 20. Nxd6+ Qxd6 21. Rxc8+ Bxc8 22. b5 a5 23. Ne5 O-O 24. Nc4 Qb4 25. Qxb4 axb4 26. a5 Ng6 27. a6 bxa6 28. bxa6 Bd7 29. Ne5 Nxe5 30. dxe5 Nxe3 31. fxe3 Bc6 32. Be2 b3 33. Bf3 Bxf3 34. gxf3 Ra8 1/2-1/2

[Event "1.Open A Città di Padova"]
[Site "Padova"]
[Date "1998.12.19"]
[Round "4.5"]
[White "Roberti, Ignazio"]
[Black "Vianello, Enrico"]
[Result "0-1"]
[WhiteElo "1700"]
[BlackElo "1756"]
[Annotator "Vianello Enrico"]
[PlyCount "86"]
[EventDate "1998.12.13"]
[EventType "swiss"]
[EventRounds "6"]
[EventCountry "ITA"]

1. e4 c5 2. Nf3 Nc6 (2... e6 3. d4 cxd4 4. Nxd4 Nf6 5. Nc3 Nc6 6. Ndb5 d6 7. Bf4 e5 8. Bg5 a6 9. Na3 b5 10. Bxf6 gxf6 11. Nd5 f5 12. Bd3 Be6 13. Qh5 Rg8 14. g3 Rg5 15. Qxh7 Bxd5 16. exd5 Ne7 17. O-O-O Qb6 18. Rd2 Rg6 19. Qh4 e4 20. Re1 exd3 21. Rxd3 Kd7 22. f4 Qf2 23. Rde3 Nxd5 24. R1e2 Qg1+ 25. Re1 Qf2 26. R1e2 Qg1+ 27. Re1 Qf2) 3. d4 cxd4 4. Nxd4 Nf6 5. Nc3 e5 6. Ndb5 d6 7. Bg5 a6 8. Na3 b5 9. Bxf6 gxf6 10. Nd5 f5 11. Bd3 Be6 12. Qh5 Rg8 13. g3 Rg5 14. Qxh7 Bxd5 15. exd5 Ne7 16. O-O-O Qb6 17. Rhf1 Qc5 18. Kb1 e4 19. Be2 Nxd5 20. Qh8 Rg7 21. Qh3 Rb8 22. Rd2 Rg6 {per ritiro} 23. Rfd1 Bg7 24. Rxd5 Qb4 25. c3 Bxc3 26. R5d2 Bxd2 27. Qh8+ Ke7 28. Qxb8 Bg5 29. Qc7+ Kf8 30. Nc2 Qa4 31. Rxd6 e3 32. fxe3 Qe4 33. Bh5 Be7 34. Rd7 (34. Qc8+ Kg7 35. Rd4 Qe6 36. Qxe6 Rxe6) 34... Rc6 (34... Rh6 35. Bd1) 35. Qb8+ Kg7 36. Rd2 (36. Bd1) 36... Bb4 37. Qb7 (37. Qd8 Bxd2 38. Qxd2) 37... Bxd2 38. Qxf7+ Kh6 39. Qf8+ (39. Bd1 Bxe3 40. Qf8+ Kg6 41. Qg8+ Kf6 42. Qf8+ Ke6 43. Qe8+ Kd5 44. Qd8+ Kc5 45. b3) 39... Kxh5 40. Qh8+ Rh6 41. Qf8 Qh1+ 42. Ne1 Qxe1+ 43. Kc2 Rc6+ (43... Rc6+ 44. Qc5 Rxc5+ 45. Kd3 Qxe3#) 0-1

[Event "1.Open A Città di Padova"]
[Site "Padova"]
[Date "1998.12.19"]
[Round "4.6"]
[White "Cecchetto, Vanni"]
[Black "Lain, Luigi"]
[Result "1/2-1/2"]
[WhiteElo "1831"]
[BlackElo "1609"]
[Annotator "Gabriele Ballarin"]
[PlyCount "47"]
[EventDate "1998.12.13"]
[EventType "swiss"]
[EventRounds "6"]
[EventCountry "ITA"]

1. d4 d5 2. c4 e6 3. Nc3 Nf6 4. Bg5 Nbd7 5. e3 Be7 6. Nf3 h6 7. Bh4 O-O 8. Bd3 dxc4 9. Bxc4 b6 10. O-O c5 11. Rc1 Bb7 12. Bg3 a6 13. a3 b5 14. Ba2 Qb6 15. Ne5 Rfd8 16. dxc5 Nxc5 17. Qe2 Rac8 18. Rfd1 Nce4 19. Nxe4 Nxe4 20. Rxc8 Rxc8 21. Nd7 Nxg3 22. hxg3 Qc7 23. f4 Qc2 24. Re1 1/2-1/2

[Event "1.Open A Città di Padova"]
[Site "Padova"]
[Date "1998.12.19"]
[Round "4.7"]
[White "Sinato, Fabrizio"]
[Black "Roccaro, Giovanni"]
[Result "0-1"]
[WhiteElo "1710"]
[BlackElo "1600"]
[Annotator "Gabriele Ballarin"]
[PlyCount "138"]
[EventDate "1998.12.13"]
[EventType "swiss"]
[EventRounds "6"]
[EventCountry "ITA"]

1. e4 c5 2. Nf3 e6 3. d4 cxd4 4. Nxd4 Nc6 5. Bc4 a6 6. O-O Nf6 7. Nc3 Qc7 8. Bb3 b5 9. Kh1 b4 10. Nd5 exd5 11. exd5 Nxd4 12. Qxd4 Be7 13. Re1 d6 14. Qe3 Bb7 15. Ba4+ Kf8 16. Bd2 a5 17. c4 bxc3 18. bxc3 Bxd5 19. c4 Be6 20. f4 Bxc4 21. Rac1 d5 22. Bc3 Ne4 23. Bd4 Bc5 24. Rxc4 Bxd4 25. Rxd4 Rd8 26. Red1 Nf6 27. Re1 g6 28. f5 Kg7 29. g4 h6 30. fxg6 fxg6 31. Rc1 Qd6 32. Rc6 Qf8 33. Rf4 Rd6 34. Rc7+ Kg8 35. Bb3 Rh7 36. Rc5 Re7 37. Qc1 Kh7 38. Rc7 Qf7 39. Rc2 Qe6 40. Rc7 Rdd7 41. Rxd7 Rxd7 42. h3 Qd6 43. Qf1 Kg7 44. h4 Ne4 45. Qa1+ Kh7 46. Qc1 Ng3+ 47. Kg2 Ne2 48. Qd2 Nxf4+ 49. Kh1 Qb4 50. Qf2 Qe4+ 51. Kh2 d4 52. h5 d3 53. hxg6+ Kxg6 54. Bd1 Qe5 55. Kh1 d2 56. Qf3 Qd5 57. Qxd5 Rxd5 58. Kg1 Ne2+ 59. Kf2 Nc3 60. Bc2+ Kg5 61. Kf3 d1=Q+ 62. Bxd1 Rxd1 63. a4 Nxa4 64. Kg3 Rd4 65. Kf3 Rxg4 66. Ke3 Kf5 67. Kf3 Nc5 68. Ke3 a4 69. Kf3 a3 0-1

[Event "1.Open A Città di Padova"]
[Site "Padova"]
[Date "1998.12.19"]
[Round "4.8"]
[White "Guastadini, Paolo"]
[Black "Favero, Graziano"]
[Result "1-0"]
[WhiteElo "1603"]
[BlackElo "1705"]
[Annotator "Gabriele Ballarin"]
[PlyCount "67"]
[EventDate "1998.12.13"]
[EventType "swiss"]
[EventRounds "6"]
[EventCountry "ITA"]

1. Nf3 d6 2. g3 g6 3. Bg2 Bg7 4. O-O Nf6 5. d3 O-O 6. Nbd2 Nc6 7. c4 e5 8. a3 Be6 9. Rb1 Rb8 10. b4 Qd7 11. Ng5 Bf5 12. Nge4 Bh3 13. Nxf6+ Bxf6 14. Ne4 Bg7 15. f3 Bxg2 16. Kxg2 Nd4 17. Be3 Nf5 18. Bf2 Qe7 19. a4 c6 20. b5 Bh6 21. bxc6 bxc6 22. Qc2 Be3 23. Rxb8 Rxb8 24. Rb1 Qd8 25. Qa2 Rxb1 26. Qxb1 d5 27. cxd5 cxd5 28. Nc3 Bxf2 29. Kxf2 Qc7 30. Qb4 d4 31. Nd5 Qc1 32. Qb8+ Kg7 33. Qxe5+ f6 34. Qxf6+ 1-0

[Event "1.Open A Città di Padova"]
[Site "Padova"]
[Date "1998.12.19"]
[Round "4.9"]
[White "Pavon, Michele"]
[Black "Trangoni, Bruno"]
[Result "1/2-1/2"]
[WhiteElo "1600"]
[BlackElo "1650"]
[Annotator "Gabriele Ballarin"]
[PlyCount "103"]
[EventDate "1998.12.13"]
[EventType "swiss"]
[EventRounds "6"]
[EventCountry "ITA"]

1. e4 e5 2. Nf3 Nc6 3. Nc3 Nf6 4. d4 exd4 5. Nxd4 Bb4 6. Nxc6 bxc6 7. Bd3 d5 8. exd5 cxd5 9. O-O O-O 10. Bg5 Bxc3 11. bxc3 Bb7 12. Qf3 Rb8 13. Bxf6 Qxf6 14. Qxf6 gxf6 15. Rab1 Ba8 16. Rfe1 Rxb1 17. Rxb1 Re8 18. Kf1 Kg7 19. Rb5 Re5 20. Ra5 c5 21. Rxa7 Re8 22. Bb5 Rc8 23. g3 Kg6 24. Ke1 f5 25. f4 d4 26. cxd4 cxd4 27. Kd2 Be4 28. Bd3 Rd8 29. a4 h6 30. Ra6+ f6 31. Rb6 Ra8 32. Rb4 Bc6 33. Bb5 Rb8 34. Kd3 h5 35. Kxd4 h4 36. Rb3 Rd8+ 37. Ke3 Be4 38. Bd3 Bd5 39. Ra3 hxg3 40. hxg3 Rc8 41. a5 Be4 42. a6 Bxd3 43. Kxd3 Kf7 44. a7 Ra8 45. c4 Ke7 46. Kd4 Kd7 47. Kd5 Kc7 48. c5 Kb7 49. c6+ Kc7 50. Kc5 Rc8 51. a8=Q Rxa8 52. Rxa8 1/2-1/2

[Event "1.Open A Città di Padova"]
[Site "Padova"]
[Date "1998.12.19"]
[Round "4.10"]
[White "Pastore, Mauro"]
[Black "Opacic, Alexandar"]
[Result "0-1"]
[WhiteElo "1648"]
[BlackElo "1594"]
[Annotator "Gabriele Ballarin"]
[PlyCount "66"]
[EventDate "1998.12.13"]
[EventType "swiss"]
[EventRounds "6"]
[EventCountry "ITA"]

{[%evp 0,66,23,23,20,4,36,32,43,12,49,0,7,-10,13,10,21,11,18,40,41,-1,18,18,-3,5,21,-35,2,-5,-16,-19,16,0,43,2,8,-4,7,5,7,15,16,-68,-62,-67,-68,-93,-71,-69,-56,-40,-57,-75,-65,-74,-61,-62,-72,-75,-60,-58,-76,-74,-85,-80,-82,-69,-47]} 1. d4 d5 2. c4 c6 3. Nf3 Nf6 4. Nc3 Bf5 5. e3 e6 6. Be2 Nbd7 7. O-O dxc4 8. Bxc4 Bd6 9. Re1 Ne4 10. Nxe4 Bxe4 11. Nd2 Bg6 12. e4 O-O 13. Nb3 Nb6 14. Bd3 Re8 15. f4 Rc8 16. Be3 f6 17. Kh1 f5 18. e5 Bb4 19. Bd2 Bxd2 20. Qxd2 Re7 21. Nc5 Qxd4 22. Nb3 Qd7 23. Qc2 Bf7 24. Rad1 Qc7 25. Bc4 Rd8 26. Nc5 Nd5 27. Qb3 h6 28. g3 b6 29. Na6 Qc8 30. Nb4 Nxb4 31. Qxb4 c5 32. Qb3 Qc6+ 33. Kg1 Rd4 {Nur} 0-1

[Event "1.Open A Città di Padova"]
[Site "Padova"]
[Date "1998.12.19"]
[Round "4.11"]
[White "Marson, Luca"]
[Black "Carlassara, Renato"]
[Result "1-0"]
[WhiteElo "1633"]
[BlackElo "1555"]
[Annotator "Gabriele Ballarin"]
[PlyCount "57"]
[EventDate "1998.12.13"]
[EventType "swiss"]
[EventRounds "6"]
[EventCountry "ITA"]

1. e4 e5 2. Nc3 Nf6 3. Bc4 Nxe4 4. Qh5 Nd6 5. Bb3 Nc6 6. Nf3 Be7 7. Nxe5 Nxe5 8. Qxe5 O-O 9. Nd5 Re8 10. O-O Bg5 11. Qg3 Bh4 12. Qf3 Ne4 13. Nxc7 Ng5 14. Qc3 Ne4 15. Qc4 d5 16. Nxd5 Bh3 17. d4 Bxf2+ 18. Rxf2 Nxf2 19. Kxf2 Qh4+ 20. g3 Qe4 21. Ne3 Rad8 22. d5 Qh1 23. Qe2 Qxh2+ 24. Ke1 Qxg3+ 25. Kd2 Bg4 26. Qd3 Qf2+ 27. Kc3 Qe1+ 28. Bd2 Qxa1 29. Nxg4 1-0

[Event "1.Open A Città di Padova"]
[Site "Padova"]
[Date "1998.12.19"]
[Round "4.12"]
[White "Litrico, Paolo"]
[Black "Sanavio, Giancarlo"]
[Result "1-0"]
[WhiteElo "1411"]
[BlackElo "1627"]
[Annotator "Gabriele Ballarin"]
[PlyCount "105"]
[EventDate "1998.12.13"]
[EventType "swiss"]
[EventRounds "6"]
[EventCountry "ITA"]

1. d4 Nf6 2. Bg5 c5 3. Bxf6 gxf6 4. c3 d5 5. e3 c4 6. g3 Bf5 7. Bg2 e6 8. Nd2 Nc6 9. e4 Bg6 10. exd5 exd5 11. Qf3 Bh6 12. Qxd5 Qe7+ 13. Ne2 Bd3 14. Bf3 Rd8 15. Qh5 Nxd4 16. cxd4 Bxd2+ 17. Kxd2 Qb4+ 18. Ke3 Qe7+ 19. Kd2 Bxe2 20. Bxe2 Rxd4+ 21. Ke1 Qb4+ 22. Kf1 Qxb2 23. Kg2 O-O 24. Bf3 Rd2 25. Rhf1 Qd4 26. Bxb7 c3 27. Bf3 c2 28. Qg4+ Qxg4 29. Bxg4 Rfd8 30. Rac1 R8d4 31. Bf5 Rc4 32. Rfe1 Rc5 33. g4 h5 34. h3 h4 35. Re7 Rc4 36. Re4 Rc3 37. Ree1 Rg3+ 38. Kf1 Rf3 39. Be4 Rfxf2+ 40. Kg1 Rh2 41. a4 Kg7 42. a5 Kh6 43. a6 Kg5 44. Rf1 Rxh3 45. Rxc2 Rg3+ 46. Kh1 Rxc2 47. Bxc2 Rxg4 48. Rf5+ Kg6 49. Kh2 Rc4 50. Rc5+ Rxc2+ 51. Rxc2 f5 52. Rc7 f4 53. Rxa7 1-0

[Event "1.Open A Città di Padova"]
[Site "Padova"]
[Date "1998.12.19"]
[Round "4.13"]
[White "Ceccherini, Paolo"]
[Black "Navarro, Stefano"]
[Result "0-1"]
[WhiteElo "1606"]
[BlackElo "1567"]
[Annotator "Gabriele Ballarin"]
[PlyCount "77"]
[EventDate "1998.12.13"]
[EventType "swiss"]
[EventRounds "6"]
[EventCountry "ITA"]

1. e4 e5 2. f4 Nc6 3. Nf3 d6 4. Bb5 Bd7 5. d3 Nge7 6. f5 a6 7. Bxc6 Nxc6 8. Nc3 Be7 9. Be3 h6 10. Qd2 Bf6 11. Nd5 Na7 12. g4 Bc6 13. Nc3 Nb5 14. O-O-O d5 15. Bf2 Nd4 16. Nxd4 exd4 17. Nxd5 Bxd5 18. h4 Bc6 19. g5 Be5 20. Kb1 Qd6 21. Rdg1 O-O-O 22. Rh3 Bf4 23. Qe2 hxg5 24. Bg3 Bxg3 25. Rhxg3 gxh4 26. Rxg7 Qf8 27. f6 h3 28. Qh2 Rd6 29. e5 Re6 30. R1g3 Bg2 31. R3g4 Qb4 32. a3 Qe1+ 33. Ka2 Ree8 34. Rxf7 Qxe5 35. Qxe5 Rxe5 36. Re7 Rxe7 37. fxe7 Bc6 38. Rf4 Re8 39. Rf8 0-1

[Event "1.Open A Città di Padova"]
[Site "Padova"]
[Date "1998.12.19"]
[Round "4.14"]
[White "Crestani, Federico"]
[Black "Boscolo, Fabio"]
[Result "0-1"]
[WhiteElo "1564"]
[BlackElo "1714"]
[Annotator "Gabriele Ballarin"]
[PlyCount "63"]
[EventDate "1998.12.13"]
[EventType "swiss"]
[EventRounds "6"]
[EventCountry "ITA"]

1. d4 g6 2. c4 Bg7 3. Nc3 Nf6 4. e4 d6 5. h3 c5 6. Nf3 O-O 7. Be2 cxd4 8. Nxd4 Nc6 9. Be3 Be6 10. Nxe6 fxe6 11. O-O Kh8 12. Qd2 Rc8 13. Rad1 a6 14. b3 Qa5 15. f3 Nh5 16. Na4 Qe5 17. f4 Qf6 18. f5 Ng3 19. Rf4 Qe5 20. Bf3 exf5 21. exf5 Nxf5 22. Re4 Qa5 23. Qf2 Nxe3 24. Qxe3 Ne5 25. Be2 Rc6 26. Rf4 Rxf4 27. Qxf4 b5 28. Bf3 bxa4 29. Bxc6 Qc5+ 30. Kh1 Qxc6 31. bxa4 Qxc4 32. Qh4 0-1

[Event "1.Open A Città di Padova"]
[Site "Padova"]
[Date "1998.12.19"]
[Round "4.15"]
[White "Troise, Salvatore"]
[Black "Pomaro, Stefano"]
[Result "0-1"]
[WhiteElo "1504"]
[BlackElo "1673"]
[Annotator "Gabriele Ballarin"]
[PlyCount "114"]
[EventDate "1998.12.13"]
[EventType "swiss"]
[EventRounds "6"]
[EventCountry "ITA"]

1. e4 c6 2. d4 d5 3. exd5 cxd5 4. c4 Nf6 5. Nc3 Nc6 6. Nf3 Bg4 7. Bf4 Qa5 8. a3 Ne4 9. b4 Nxc3 10. bxa5 Nxd1 11. Rxd1 Bxf3 12. gxf3 O-O-O 13. cxd5 Rxd5 14. Bc4 Rf5 15. Bg3 e6 16. a6 Bxa3 17. axb7+ Kxb7 18. O-O Rd8 19. Rb1+ Bb4 20. Bd3 Rfd5 21. Be4 Rxd4 22. Rfc1 Rc8 23. Be5 Rxe4 24. fxe4 a5 25. Bd6 Ra8 26. Rc4 Ra6 27. Bf8 Ne5 28. Rc5 Nd7 29. Rb5+ Kc6 30. R5xb4 axb4 31. Bxg7 Kb5 32. Bc3 Ra4 33. Kf1 Nc5 34. f3 Kc4 35. Bf6 Nb3 36. Ke2 Ra2+ 37. Bb2 Nd4+ 38. Ke3 Nc2+ 39. Kf4 b3 40. Ke5 Nb4 41. Kf6 Nd3 42. Bc1 Nxc1 43. Rxc1+ Rc2 44. Rb1 b2 45. Kxf7 Kc3 46. Kxe6 Rxh2 47. e5 Kc2 48. Rf1 b1=Q 49. Rxb1 Kxb1 50. f4 h5 51. f5 h4 52. f6 h3 53. Ke7 Rf2 54. e6 h2 55. f7 h1=Q 56. f8=Q Qb7+ 57. Ke8 Qc8+ 0-1

[Event "1.Open A Città di Padova"]
[Site "Padova"]
[Date "1998.12.19"]
[Round "4.17"]
[White "Tomio, Dante"]
[Black "Moschini, Costantino"]
[Result "1-0"]
[WhiteElo "1587"]
[BlackElo "1579"]
[Annotator "Gabriele Ballarin"]
[PlyCount "65"]
[EventDate "1998.12.13"]
[EventType "swiss"]
[EventRounds "6"]
[EventCountry "ITA"]

1. e4 d6 2. d4 Nf6 3. Nc3 g6 4. f4 Bg7 5. Nf3 O-O 6. Be2 c5 7. O-O cxd4 8. Nxd4 Nc6 9. Be3 a6 10. Kh1 Bd7 11. a4 Nxd4 12. Bxd4 Bc6 13. Bf3 Qc7 14. a5 Nd7 15. Bxg7 Kxg7 16. Nd5 Bxd5 17. exd5 Rac8 18. c3 Qc4 19. Ra4 Qc7 20. Re1 Nc5 21. Ra1 Qd7 22. b4 Na4 23. Qxa4 Qf5 24. Rac1 Qxf4 25. Qc2 Rc7 26. Re4 Qf6 27. c4 Rfc8 28. Qc3 Qxc3 29. Rxc3 e5 30. dxe6 fxe6 31. Rxe6 Rxc4 32. Rxc4 Rxc4 33. Rxd6 1-0